Type H - Statistics

General Stats
  • This quiz has been taken 65 times
    42 since last reset
  • The average score is 88 of 100
Answer Stats
Letter H % Correct
H
95%
H
95%
H
95%
H
95%
H
95%
H
95%
H
95%
H
95%
H
95%
H
95%
H
95%
H
95%
H
95%
H
95%
H
95%
H
95%
H
95%
H
95%
H
95%
H
95%
H
95%
H
95%
H
95%
H
95%
H
95%
H
95%
H
95%
H
95%
H
95%
H
95%
H
95%
H
95%
H
95%
H
95%
H
95%
H
95%
H
95%
H
95%
H
95%
H
95%
H
95%
H
95%
H
95%
H
95%
H
95%
H
95%
H
95%
H
95%
H
95%
H
95%
H
95%
H
95%
H
95%
H
95%
H
95%
H
95%
H
95%
H
90%
H
90%
H
90%
H
90%
H
85%
H
85%
H
85%
H
85%
H
85%
H
85%
H
80%
H
80%
H
80%
H
80%
H
80%
H
80%
H
80%
H
80%
H
80%
H
80%
H
80%
H
80%
H
80%
H
75%
H
75%
H
75%
H
75%
H
75%
H
70%
H
70%
H
70%
H
70%
H
70%
H
70%
H
70%
H
70%
H
70%
H
70%
H
70%
H
70%
H
70%
H
70%
H
70%
No matching quizzes found
Score Distribution
Percent of People with Each Score
Percentile by Number Answered
Your Score History
You have not taken this quiz since the last reset